000 00261nam a22001217a 4500
008 181220b xxu||||| |||| 00| 0 eng d
041 _aeng
080 _a510
100 _a36
101 _aMAT
245 _aMolecular Vibrations
_cWilson,E.B
942 _2udc
_cBK
999 _c53554
_d53554